000 00373nam a2200157Ia 4500
003 OSt
005 20240217130239.0
008 170524s9999 xx 000 0 und d
020 _a978-0074631218
040 _cIIMT UNIVERSITY MEERUT
100 _aFairley Richard
245 0 _aSofware Engineering Concepts
260 _bTMH New Delhi
260 _c2007
942 _2ddc
_c02
999 _c4733
_d4733